000 00288nam a22001217a 4500
082 _a823
_bKIN/H
100 _aKINNEY, JEAN
245 _aHOW OTTO RINGLING BECAME KING OF THE CIRCUS
260 _aNEW YORK
_bMACMILLAN
300 _a32
650 _aENGLISH STORY
_zUNITED STATES
942 _cBK
999 _c7534
_d7534